000 00624nam a2200193Ia 4500
005 20250923145446.0
008 008 250917s9999 xx 000 0 eng d
037 _aTextual
040 _aDSWL
_beng
_cDSWL
041 _aeng
_2eng
084 _aYX,A;5-P0aY:393.2, N69;1
_qDSWL
100 _aDubey, D.C.
_9835533
245 0 _aFamily Planning Communications Studies in India
_c by D.C.Dubey
260 _aNew Delhi
_bDelhi Central Family Planning Institute
_c1969
300 _a96 p.
700 _a A.K. Devgan
_9835534
942 _cTEXL
_hYX,A;5-P0aY:393.2, N69;1
999 _c1451591
_d1451591